[Event "Bayern-chI Bank Hofmann 21st"]
[Site "Tegernsee"]
[Date "2017.10.28"]
[Round "1"]
[White "Seibold, Thomas"]
[Black "Kaufeld, Juergen"]
[Result "0-1"]
[WhiteElo "2083"]
[BlackElo "2289"]
[PlyCount "94"]
[EventDate "2017.10.28"]
[EventType "swiss"]
[EventRounds "9"]
[EventCountry "GER"]
[SourceTitle "EXT 2019"]
[Source "ChessBase"]
[SourceDate "2018.10.10"]
[SourceVersion "1"]
[SourceVersionDate "2018.10.10"]
[SourceQuality "1"]

1. d4 Nf6 2. Nf3 g6 3. g3 Bg7 4. Bg2 0-0 5. 0-0 d5 6. Ne5 c6 7. c3 Nbd7 8. Nd3 Re8 9. Bf4 Nh5 10. Bg5 Qb6 11. h3 e5 12. dxe5 Nxe5 13. Be3 Qc7 14. Bd4 Nxd3 15. Qxd3 Bf5 16. Qd1 Bxd4 17. cxd4 Qb6 18. Qd2 Bxb1 19. Rfxb1 Nf6 20. b4 a6 21. e3 Ne4 22. Bxe4 Rxe4 23. a4 h5 24. h4 Kg7 25. Kg2 Qc7 26. Qe2 Rae8 27. b5 axb5 28. axb5 Qe7 29. bxc6 bxc6 30. Rc1 Re6 31. Ra6 Qd7 32. Qc2 Rc8 33. Qc5 Rf6 34. Qc2 Qg4 35. Qd1 Qf5 36. Qe2 Qe4+ 37. Kg1 Rb8 38. Ra2 Re8 39. Qc2 Qf3 40. Qd1 Qe4 41. Qc2 Qg4 42. Qd1 Rf3 43. Ra3 g5 44. hxg5 h4 45. e4 dxe4 46. Rxf3 exf3 47. Rc3 Re2 0-1

[Event "Regionalliga SW 1415"]
[Site "Bayern"]
[Date "2014.10.19"]
[Round "1.4"]
[White "Seibold, Thomas"]
[Black "Kuhnert, Josef"]
[Result "1/2-1/2"]
[WhiteElo "2031"]
[BlackElo "1959"]
[PlyCount "75"]
[EventDate "2014.10.19"]
[EventType "team-tourn"]
[EventRounds "9"]
[EventCountry "GER"]
[SourceTitle "EXT 2018"]
[Source "ChessBase"]
[SourceDate "2017.10.13"]
[SourceVersion "1"]
[SourceVersionDate "2017.10.13"]
[SourceQuality "1"]
[WhiteTeam "Bayern Muenchen III"]
[BlackTeam "Solln"]
[WhiteTeamCountry "GER"]
[BlackTeamCountry "GER"]

1. d4 d5 2. Nf3 Nf6 3. Bf4 Bf5 4. e3 e6 5. Nbd2 Be7 6. Ne5 h6 7. h3 Nbd7 8. Ndf3 c6 9. Bd3 Qa5+ 10. c3 Bxd3 11. Qxd3 Nxe5 12. Nxe5 Ne4 13. 0-0 0-0 14. f3 Nd6 15. a4 Qd8 16. a5 a6 17. b3 Bg5 18. Bh2 f5 19. c4 Re8 20. c5 Nf7 21. Nxf7 Kxf7 22. b4 Bf6 23. Rad1 Kg8 24. Bd6 Be7 25. Be5 Bf6 26. e4 Bxe5 27. dxe5 fxe4 28. fxe4 Qg5 29. exd5 exd5 30. Rf5 Qe7 31. Rdf1 Rf8 32. Rxf8+ Rxf8 33. Rxf8+ Qxf8 34. Qg6 Qf4 35. Qe8+ Kh7 36. e6 Qc1+ 37. Kh2 Qf4+ 38. Kg1 1/2-1/2

[Event "Regionalliga SW 1213"]
[Site "Bayern"]
[Date "2013.02.24"]
[Round "7.8"]
[White "Strobl, Frank"]
[Black "Seibold, Thomas"]
[Result "1/2-1/2"]
[WhiteElo "1925"]
[BlackElo "2022"]
[PlyCount "70"]
[EventDate "2012.10.14"]
[EventType "team-tourn"]
[EventRounds "9"]
[EventCountry "GER"]
[SourceTitle "EXT 2015"]
[Source "ChessBase"]
[SourceDate "2014.11.20"]
[SourceVersion "1"]
[SourceVersionDate "2014.11.20"]
[SourceQuality "1"]
[WhiteTeam "Muenchen RTA"]
[BlackTeam "Bayern Muenchen III"]
[WhiteTeamCountry "GER"]
[BlackTeamCountry "GER"]

1. e4 e6 2. d4 d5 3. Nd2 Nf6 4. e5 Nfd7 5. Bd3 c5 6. c3 Nc6 7. Ngf3 Be7 8. 0-0 0-0 9. Re1 f6 10. exf6 Bxf6 11. Nf1 e5 12. dxe5 Ndxe5 13. Nxe5 Bxe5 14. Qh5 g6 15. Bxg6 hxg6 16. Qxg6+ Bg7 17. Bg5 Bf5 18. Qh5 Qd6 19. Ne3 d4 20. cxd4 cxd4 21. Ng4 Qg6 22. Qh4 Bxg4 23. Qxg4 Rae8 24. h4 Ne5 25. Qh3 d3 26. f4 d2 27. Qb3+ Kh8 28. Rxe5 Bxe5 29. fxe5 Rxe5 30. Bxd2 Re2 31. Bc3+ Kh7 32. Qxb7+ Rf7 33. Qa8 Rf8 34. Qb7+ Rf7 35. Qa8 Rf8 1/2-1/2

[Event "Regionalliga SW 0304"]
[Site "Bayern"]
[Date "2004.04.25"]
[Round "9.3"]
[White "Neidlinger, Markus"]
[Black "Seibold, Thomas"]
[Result "1-0"]
[WhiteElo "2016"]
[BlackElo "2075"]
[PlyCount "152"]
[EventDate "2003.10.??"]
[EventType "team-tourn"]
[EventRounds "9"]
[EventCountry "GER"]
[SourceTitle "EXT 2006"]
[Source "ChessBase"]
[SourceDate "2005.11.24"]
[SourceVersion "1"]
[SourceVersionDate "2005.11.24"]
[SourceQuality "1"]
[WhiteTeam "Burlafingen"]
[BlackTeam "Bayern Muenchen III"]
[WhiteTeamCountry "GER"]
[BlackTeamCountry "GER"]

1. e4 c5 2. Nf3 d6 3. d4 cxd4 4. Nxd4 g6 5. Nc3 Bg7 6. Be3 Nf6 7. Be2 Bd7 8. Qd2 Nc6 9. f3 0-0 10. g4 Nxd4 11. Bxd4 Bc6 12. 0-0-0 Qa5 13. Kb1 Rfe8 14. h4 e5 15. Be3 Rad8 16. h5 a6 17. Bg5 Rd7 18. Bxf6 Bxf6 19. Nd5 Qd8 20. hxg6 hxg6 21. Bc4 Bxd5 22. Bxd5 Bg5 23. Qh2 Qf6 24. Rd3 Qg7 25. Qf2 Rb8 26. Rb3 Qf8 27. Qh2 Qg7 28. Rd1 Kf8 29. Bc6 Rc7 30. Bd5 Ke7 31. Qf2 Qh8 32. Qb6 Qc8 33. c3 Qd8 34. Rh1 Bf6 35. Rh7 Kf8 36. Qa7 Qc8 37. Qg1 Bg7 38. Qb6 Qd8 39. Rh1 Ke7 40. Rd1 Rd7 41. Bc4 Qxb6 42. Rxb6 Rc8 43. Bd5 Rcc7 44. c4 Bh6 45. Rd3 Kd8 46. b4 Kc8 47. Ra3 Bd2 48. Kc2 Be1 49. Kd1 Bf2 50. Rb5 Kd8 51. Rba5 Bb6 52. R5a4 Ke7 53. Rd3 Rc8 54. Raa3 Rh8 55. Rab3 Rh2 56. Rd2 Rh1+ 57. Kc2 Rc7 58. a4 Ra1 59. a5 Bd4 60. Rdd3 Ra2+ 61. Kd1 f5 62. Ra3 Rg2 63. gxf5 gxf5 64. Rd2 Rxd2+ 65. Kxd2 f4 66. Rb3 Kd8 67. b5 axb5 68. cxb5 Rh7 69. b6 Rh2+ 70. Kd3 Kc8 71. Be6+ Kb8 72. Rb1 Bc5 73. Rc1 Rh6 74. Bf5 Rh2 75. Bg4 Rh8 76. Rc2 Rh4 1-0

[Event "Regionalliga SW 0304"]
[Site "Bayern"]
[Date "2004.03.07"]
[Round "7.3"]
[White "Schmidt, Bernhard"]
[Black "Seibold, Thomas"]
[Result "1-0"]
[WhiteElo "2114"]
[BlackElo "2075"]
[PlyCount "97"]
[EventDate "2003.10.??"]
[EventType "team-tourn"]
[EventRounds "9"]
[EventCountry "GER"]
[SourceTitle "EXT 2006"]
[Source "ChessBase"]
[SourceDate "2005.11.24"]
[SourceVersion "1"]
[SourceVersionDate "2005.11.24"]
[SourceQuality "1"]
[WhiteTeam "Klosterlechfeld"]
[BlackTeam "Bayern Muenchen III"]
[WhiteTeamCountry "GER"]
[BlackTeamCountry "GER"]

1. d4 d5 2. c4 e6 3. Nc3 Nf6 4. Nf3 c6 5. e3 Bd6 6. Bd3 0-0 7. 0-0 Nbd7 8. e4 dxe4 9. Nxe4 Nxe4 10. Bxe4 h6 11. Bc2 Nf6 12. b3 c5 13. Bb2 cxd4 14. Qxd4 Be7 15. Qc3 Ne8 16. Rad1 Qb6 17. Qd3 f5 18. Rfe1 a5 19. Ne5 Bc5 20. Re2 Nf6 21. Qg3 Qc7 22. Qg6 b6 23. Red2 Qe7 24. Qg3 Re8 25. Re2 a4 26. Nc6 Qf7 27. b4 Bf8 28. Bd4 Bb7 29. Ne5 Qh5 30. f3 Bxb4 31. Nd7 Kf7 32. Nxb6 f4 33. Qxf4 e5 34. Rxe5 Rxe5 35. Qxe5 Qxe5 36. Bxe5 Bc5+ 37. Bd4 Bxd4+ 38. Rxd4 Re8 39. Kf2 a3 40. Bb3 Ke7 41. c5 Rd8 42. Rxd8 Kxd8 43. Ke3 g5 44. Kd4 g4 45. Bd5 Nxd5 46. Nxd5 gxf3 47. gxf3 Kd7 48. f4 Ke6 49. Ne3 1-0

[Event "Landesliga Sued 0304"]
[Site "Bayern"]
[Date "2004.01.18"]
[Round "5.8"]
[White "Seibold, Thomas"]
[Black "Schmid, Franz"]
[Result "1/2-1/2"]
[WhiteElo "2075"]
[BlackElo "2088"]
[PlyCount "146"]
[EventDate "2003.10.12"]
[EventType "team-tourn"]
[EventRounds "9"]
[EventCountry "GER"]
[SourceTitle "EXT 2006"]
[Source "ChessBase"]
[SourceDate "2005.11.24"]
[SourceVersion "1"]
[SourceVersionDate "2005.11.24"]
[SourceQuality "1"]
[WhiteTeam "Bayern Muenchen II"]
[BlackTeam "Waldkirch"]
[WhiteTeamCountry "GER"]
[BlackTeamCountry "GER"]

1. e4 e5 2. Nf3 Nf6 3. Nxe5 d6 4. Nf3 Nxe4 5. d4 d5 6. Bd3 Nc6 7. c3 Bd6 8. 0-0 0-0 9. Re1 f5 10. c4 Nxd4 11. Nxd4 Bxh2+ 12. Kxh2 Nxf2 13. Qh5 Nxd3 14. Rf1 dxc4 15. Nf3 Qd6+ 16. Kg1 Qb6+ 17. Kh1 Nf2+ 18. Kh2 Bd7 19. Nc3 f4 20. Nd5 Qd6 21. Nxf4 Rf5 22. Qh4 Nd3 23. g3 Bc6 24. Ng5 h6 25. Nge6 Re8 26. Bd2 Rxe6 27. Nxe6 Qxe6 28. Rae1 Qf7 29. Rxf5 Qxf5 30. Qxc4+ Bd5 31. Qd4 Nxe1 32. Bxe1 Qh5+ 33. Kg1 Qf3 34. Qd2 Qh1+ 35. Kf2 Qf3+ 36. Kg1 c5 37. a3 b5 38. b4 Bc4 39. Kh2 Bf1 40. bxc5 Bc4 41. Qf2 Qh5+ 42. Kg1 Qe5 43. Kh2 h5 44. Bd2 h4 45. Bf4 hxg3+ 46. Kxg3 Qf5 47. Qd4 Bd5 48. Qe5 Qg6+ 49. Qg5 Qd3+ 50. Be3 Be6 51. Qe5 Bd7 52. Kf2 Qc2+ 53. Ke1 Qb1+ 54. Kf2 Qa2+ 55. Ke1 Qf7 56. Bd4 a6 57. Qb8+ Qe8+ 58. Qxe8+ Bxe8 59. Kf2 g5 60. Bf6 g4 61. Be5 Kf7 62. Ke3 Ke6 63. Kd4 Kd7 64. Bg3 Kc6 65. Be1 Bd7 66. Bg3 a5 67. Be1 a4 68. Bf2 b4 69. axb4 a3 70. Kc3 Be6 71. Kc2 Kb5 72. Kb1 Kxb4 73. Ka1 Bd5 1/2-1/2

[Event "Landesliga Sued 0203"]
[Site "Bayern"]
[Date "2003.02.23"]
[Round "7.5"]
[White "Sailer, Wolfgang"]
[Black "Seibold, Thomas"]
[Result "1/2-1/2"]
[WhiteElo "2126"]
[BlackElo "2102"]
[PlyCount "30"]
[EventDate "2002.10.20"]
[EventType "team-tourn"]
[EventRounds "9"]
[EventCountry "GER"]
[SourceTitle "EXT 2004"]
[Source "ChessBase"]
[SourceDate "2003.11.25"]
[SourceVersion "1"]
[SourceVersionDate "2003.11.25"]
[SourceQuality "1"]
[WhiteTeam "Ingolstadt"]
[BlackTeam "Bayern Muenchen II"]
[WhiteTeamCountry "GER"]
[BlackTeamCountry "GER"]

1. d4 d5 2. c4 e6 3. Nf3 Nf6 4. g3 c6 5. Bg2 Bd6 6. 0-0 0-0 7. Nc3 Nbd7 8. Qc2 dxc4 9. Nd2 Nb6 10. a4 a5 11. Nce4 e5 12. Nxd6 Qxd6 13. dxe5 Qxe5 14. Nxc4 Nxc4 15. Qxc4 Be6 1/2-1/2

[Event "Landesliga Sued 0203"]
[Site "Bayern"]
[Date "2002.12.15"]
[Round "3.6"]
[White "Seibold, Thomas"]
[Black "Lipok, Erik"]
[Result "0-1"]
[WhiteElo "2102"]
[BlackElo "2091"]
[PlyCount "80"]
[EventDate "2002.10.20"]
[EventType "team-tourn"]
[EventRounds "9"]
[EventCountry "GER"]
[SourceTitle "EXT 2004"]
[Source "ChessBase"]
[SourceDate "2003.11.25"]
[SourceVersion "1"]
[SourceVersionDate "2003.11.25"]
[SourceQuality "1"]
[WhiteTeam "Bayern Muenchen II"]
[BlackTeam "Waldkirch"]
[WhiteTeamCountry "GER"]
[BlackTeamCountry "GER"]

1. e4 c6 2. d4 d5 3. e5 Bf5 4. Nc3 e6 5. g4 Bg6 6. Nge2 c5 7. Nf4 Nc6 8. Nce2 Be4 9. Rg1 cxd4 10. Nxd4 Nxe5 11. Bb5+ Nd7 12. f3 Bg6 13. Qe2 Qh4+ 14. Rg3 0-0-0 15. Bxd7+ Rxd7 16. Nb5 a6 17. Nc3 Bb4 18. Bd2 Rc7 19. 0-0-0 Qf6 20. g5 Qf5 21. Nxg6 hxg6 22. Rg4 Bd6 23. h4 Ne7 24. Be3 Qe5 25. Qf2 Qh2 26. Qe1 Nf5 27. Bf2 Qe5 28. Qg1 Ba3 29. Na4 Be7 30. Kb1 Qe2 31. c4 Qxf3 32. cxd5 exd5 33. Nb6+ Kb8 34. Nxd5 Rc6 35. Rf4 Qe2 36. Ka1 Bd8 37. Re1 Qb5 38. Nc3 Qd3 39. Rd1 Qc2 40. Re4 Rxc3 0-1

[Event "Landesliga Sued 0203"]
[Site "Bayern"]
[Date "2002.11.17"]
[Round "2.5"]
[White "Seibold, Thomas"]
[Black "Walch, Ingo"]
[Result "0-1"]
[WhiteElo "2102"]
[BlackElo "2039"]
[PlyCount "127"]
[EventDate "2002.10.20"]
[EventType "team-tourn"]
[EventRounds "9"]
[EventCountry "GER"]
[SourceTitle "EXT 2004"]
[Source "ChessBase"]
[SourceDate "2003.11.25"]
[SourceVersion "1"]
[SourceVersionDate "2003.11.25"]
[SourceQuality "1"]
[WhiteTeam "Bayern Muenchen II"]
[BlackTeam "Pfarrkirchen SC"]
[WhiteTeamCountry "GER"]
[BlackTeamCountry "GER"]

1. e4 d6 2. d4 Nf6 3. Bd3 e5 4. d5 Be7 5. Ne2 0-0 6. 0-0 Ne8 7. c4 c5 8. Nbc3 Nd7 9. Ng3 Bg5 10. a4 a5 11. Ra3 g6 12. Nb5 Nb6 13. Qc2 Bd7 14. Ne2 Bxb5 15. axb5 Bxc1 16. Qxc1 Nd7 17. g3 Qe7 18. f4 Ng7 19. Bb1 exf4 20. gxf4 f5 21. Ng3 fxe4 22. Bxe4 Nf6 23. Bf3 b6 24. Re1 Qd7 25. Rae3 Rae8 26. Qd1 Rxe3 27. Rxe3 Nf5 28. Re1 Nxg3 29. hxg3 Qh3 30. Kf2 g5 31. Rh1 Qf5 32. Qb1 Qxb1 33. Rxb1 g4 34. Be2 Re8 35. Bd3 Kg7 36. Bf5 Ne4+ 37. Bxe4 Rxe4 38. b3 Kg6 39. Re1 Kf5 40. Rh1 Kg6 41. f5+ Kxf5 42. Rxh7 a4 43. bxa4 Rxc4 44. Rf7+ Ke5 45. Rf4 Kxd5 46. Ke3 Rc3+ 47. Kf2 c4 48. Rxg4 Ra3 49. Rg8 Rxa4 50. g4 Kc5 51. g5 Kxb5 52. g6 Ra7 53. Ke3 Rc7 54. Kd2 Kc5 55. Rh8 Rg7 56. Rh5+ Kb4 57. Rg5 d5 58. Ke3 Kc3 59. Ke2 d4 60. Rg4 b5 61. Rg1 Kc2 62. Rg5 c3 63. Rxb5 Rxg6 64. Re5 0-1

[Event "Landesliga Sued 0102"]
[Site "Bayern"]
[Date "2002.04.14"]
[Round "8.5"]
[White "Seibold, Thomas"]
[Black "Epding, Olaf"]
[Result "1-0"]
[WhiteElo "2105"]
[BlackElo "2185"]
[PlyCount "85"]
[EventDate "2001.10.07"]
[EventType "team-tourn"]
[EventRounds "9"]
[EventCountry "GER"]
[SourceTitle "EXT 2003"]
[Source "ChessBase"]
[SourceDate "2002.11.25"]
[SourceVersion "1"]
[SourceVersionDate "2002.11.25"]
[SourceQuality "1"]
[WhiteTeam "Bayern Muenchen II"]
[BlackTeam "Muenchen Siemens"]
[WhiteTeamCountry "GER"]
[BlackTeamCountry "GER"]

1. e4 c5 2. Nc3 Nc6 3. g3 g6 4. Bg2 Bg7 5. f4 d6 6. Nge2 Nf6 7. 0-0 0-0 8. d3 Rb8 9. h3 e6 10. g4 Nd4 11. Nxd4 cxd4 12. Ne2 Nd7 13. g5 Nc5 14. Ng3 Bd7 15. h4 f5 16. h5 Re8 17. h6 Bh8 18. exf5 exf5 19. Bd5+ Be6 20. Qf3 Qd7 21. Re1 Bf7 22. Bd2 Na4 23. Rxe8+ Rxe8 24. Re1 Rxe1+ 25. Bxe1 Nxb2 26. Bf2 Na4 27. Ne2 Nc3 28. Nxc3 dxc3 29. d4 Qb5 30. Bxf7+ Kxf7 31. Qxc3 Qc6 32. Qb3+ d5 33. c3 a6 34. Qb4 Ke8 35. Be3 Qd7 36. Qc5 Qc6 37. Qb4 Qd7 38. Kf2 Kf7 39. Qc5 Qc6 40. Qa7 Qb5 41. Qb8 Qb2+ 42. Kf3 Qb1 43. Qxh8 1-0

[Event "Landesliga Sued 0102"]
[Site "Bayern"]
[Date "2001.11.25"]
[Round "3.6"]
[White "Seibold, Thomas"]
[Black "Hahn, Christoph"]
[Result "1/2-1/2"]
[WhiteElo "2105"]
[BlackElo "2125"]
[PlyCount "125"]
[EventDate "2001.10.07"]
[EventType "team-tourn"]
[EventRounds "9"]
[EventCountry "GER"]
[SourceTitle "EXT 2003"]
[Source "ChessBase"]
[SourceDate "2002.11.25"]
[SourceVersion "1"]
[SourceVersionDate "2002.11.25"]
[SourceQuality "1"]
[WhiteTeam "Bayern Muenchen II"]
[BlackTeam "Groebenzell"]
[WhiteTeamCountry "GER"]
[BlackTeamCountry "GER"]

1. d4 b6 2. e4 e6 3. c4 Bb7 4. Bd3 Qh4 5. Qe2 Nc6 6. Nf3 Qg4 7. 0-0 Nb4 8. h3 Qh5 9. Nc3 Nxd3 10. Qxd3 f5 11. d5 fxe4 12. Nxe4 exd5 13. Ng3 Qg6 14. Re1+ Ne7 15. Qxg6+ hxg6 16. Ne5 Rh7 17. Nxg6 Kf7 18. Ne5+ Kg8 19. Nxd7 dxc4 20. Bg5 Nd5 21. Nxf8 Rxf8 22. Re6 Nf4 23. Bxf4 Rxf4 24. Rae1 Rh6 25. Re8+ Rf8 26. Nf5 Rhf6 27. g4 Rxe8 28. Rxe8+ Rf8 29. Re7 Rf7 30. Re8+ Rf8 31. Rxf8+ Kxf8 32. f4 b5 33. Kf2 b4 34. Ke3 c5 35. h4 Bc8 36. Nd6 Bxg4 37. Ne4 Ke7 38. Nxc5 Kd6 39. Kd4 Be2 40. Ne4+ Kc6 41. f5 a5 42. f6 gxf6 43. Nxf6 a4 44. Nd5 Kb5 45. Ne3 a3 46. bxa3 bxa3 47. Nc2 Ka4 48. Kc3 Bh5 49. Ne3 Bg6 50. Nd5 Bb1 51. Nb4 Bg6 52. Kxc4 Bh5 53. Nd5 Bf7 54. Kc5 Ka5 55. Nc3 Bg6 56. Kd4 Kb4 57. Nd5+ Ka5 58. Kc5 Bb1 59. Nc3 Bg6 60. Kc4 Bf7+ 61. Kc5 Bg6 62. Nb5 Ka4 63. Nc3+ 1/2-1/2

[Event "Landesliga Sued 0001"]
[Site "Bayern"]
[Date "2001.04.01"]
[Round "8"]
[White "Jermann, Frank"]
[Black "Seibold, Thomas"]
[Result "1/2-1/2"]
[WhiteElo "2060"]
[BlackElo "2105"]
[PlyCount "27"]
[EventDate "2000.10.15"]
[EventType "team-tourn"]
[EventRounds "9"]
[EventCountry "GER"]
[SourceTitle "EXT 2020"]
[Source "ChessBase"]
[SourceDate "2019.10.17"]
[SourceVersion "1"]
[SourceVersionDate "2019.10.17"]
[SourceQuality "1"]
[WhiteTeam "Muenchen Suedost"]
[BlackTeam "Muenchen FC Bayern II"]
[WhiteTeamCountry "GER"]
[BlackTeamCountry "GER"]

1. d4 d5 2. Nf3 Nf6 3. Bg5 Ne4 4. Bf4 c5 5. e3 e6 6. Nbd2 Nxd2 7. Qxd2 Be7 8. c3 0-0 9. Bd3 b6 10. 0-0 Ba6 11. Bxa6 Nxa6 12. Qe2 Nc7 13. Rad1 c4 14. e4 1/2-1/2

[Event "Landesliga Sued 9900"]
[Site "Bayern"]
[Date "2000.03.26"]
[Round "8.5"]
[White "Seibold, Thomas"]
[Black "Luft, Martin"]
[Result "0-1"]
[WhiteElo "2090"]
[BlackElo "2130"]
[PlyCount "180"]
[EventDate "1999.10.10"]
[EventType "team-tourn"]
[EventRounds "9"]
[EventCountry "GER"]
[SourceTitle "EXT 2020"]
[Source "ChessBase"]
[SourceDate "2019.10.17"]
[SourceVersion "1"]
[SourceVersionDate "2019.10.17"]
[SourceQuality "1"]
[WhiteTeam "Muenchen FC Bayern II"]
[BlackTeam "Graefelfing SK"]
[WhiteTeamCountry "GER"]
[BlackTeamCountry "GER"]

1. e4 d5 2. exd5 Qxd5 3. Nc3 Qd8 4. Be2 Nf6 5. b3 e6 6. Bf3 Nbd7 7. Bb2 Be7 8. g3 0-0 9. Nge2 e5 10. 0-0 c6 11. Re1 Qc7 12. a3 a5 13. d3 Re8 14. Nc1 Bf8 15. N1a2 Nc5 16. b4 axb4 17. axb4 Ne6 18. Ne4 Nxe4 19. Bxe4 Ng5 20. Bg2 Bh3 21. Qd2 Bxg2 22. Kxg2 f6 23. h4 Ne6 24. c3 Qd7 25. Kh2 Qd5 26. Nc1 Rxa1 27. Bxa1 Rd8 28. Re3 g6 29. c4 Qxc4 30. Rf3 Qd5 31. Qe2 Bg7 32. d4 e4 33. Ra3 f5 34. Ra5 b5 35. h5 Bxd4 36. h6 Bxa1 37. Rxa1 Nd4 38. Qb2 Nf3+ 39. Kg2 Qd4 40. Qb3+ Qd5 41. Qc3 Nd4 42. Ne2 e3+ 43. Kh2 exf2 44. Rd1 f1Q 45. Rxf1 Qe4 46. Nxd4 Qxd4 47. Qxc6 Qd2+ 48. Qg2 Qxh6+ 49. Kg1 Qe3+ 50. Kh1 Qe4 51. Rf4 Qxg2+ 52. Kxg2 Rd2+ 53. Kf3 Rd3+ 54. Kf2 Rb3 55. Kg2 Kg7 56. Kh3 Kf6 57. Rh4 h5 58. Kg2 Ke5 59. Kf2 Rd3 60. Rh1 f4 61. gxf4+ Kxf4 62. Rh4+ Kg5 63. Re4 Rd5 64. Kg3 Kf5 65. Rf4+ Ke5 66. Rh4 Rd4 67. Rh1 Rxb4 68. Re1+ Kf5 69. Rc1 Rb3+ 70. Kg2 Kg5 71. Kh2 h4 72. Rd1 Kf5 73. Rd8 g5 74. Rd5+ Kg4 75. Rd4+ Kh5 76. Rd5 Rb4 77. Rc5 Kg4 78. Rc2 Rc4 79. Rb2 b4 80. Kg2 Kf4 81. Rf2+ Kg4 82. Rb2 Re4 83. Kh2 Kf4 84. Kh3 Re3+ 85. Kh2 b3 86. Rd2 Rc3 87. Rd4+ Kf5 88. Rb4 Rc2+ 89. Kh3 b2 90. Rxb2 g4+ 0-1

[Event "Landesliga Sued 9900"]
[Site "Bayern"]
[Date "2000.03.12"]
[Round "7.5"]
[White "Reisch, Stefan"]
[Black "Seibold, Thomas"]
[Result "1/2-1/2"]
[WhiteElo "2150"]
[BlackElo "2090"]
[PlyCount "37"]
[EventDate "1999.10.10"]
[EventType "team-tourn"]
[EventRounds "9"]
[EventCountry "GER"]
[SourceTitle "EXT 2020"]
[Source "ChessBase"]
[SourceDate "2019.10.17"]
[SourceVersion "1"]
[SourceVersionDate "2019.10.17"]
[SourceQuality "1"]
[WhiteTeam "Haunstetten TSV"]
[BlackTeam "Muenchen FC Bayern II"]
[WhiteTeamCountry "GER"]
[BlackTeamCountry "GER"]

1. e4 e6 2. d4 d5 3. Nd2 c5 4. exd5 Qxd5 5. Ngf3 Nf6 6. Bc4 Qd8 7. 0-0 cxd4 8. Nb3 Be7 9. Nbxd4 0-0 10. Qe2 a6 11. Re1 Nd5 12. a4 Bf6 13. a5 Bd7 14. Ne5 Bxe5 15. Qxe5 Nc6 16. Nxc6 Bxc6 17. Bg5 Qc7 18. Bxd5 Qxe5 19. Rxe5 1/2-1/2

[Event "Landesliga Sued 9899"]
[Site "Bayern"]
[Date "1999.05.30"]
[Round "9.4"]
[White "Schmidt, Anton"]
[Black "Seibold, Thomas"]
[Result "1-0"]
[WhiteElo "1640"]
[BlackElo "2100"]
[PlyCount "81"]
[EventDate "1998.11.10"]
[EventType "team-tourn"]
[EventRounds "9"]
[EventCountry "GER"]
[SourceTitle "EXT 2020"]
[Source "ChessBase"]
[SourceDate "2019.10.17"]
[SourceVersion "1"]
[SourceVersionDate "2019.10.17"]
[SourceQuality "1"]
[WhiteTeam "Landshut"]
[BlackTeam "Muenchen FC Bayern II"]
[WhiteTeamCountry "GER"]
[BlackTeamCountry "GER"]

1. d4 d5 2. c4 e6 3. Nc3 Nf6 4. Nf3 c6 5. Bg5 Nbd7 6. e3 Qa5 7. cxd5 exd5 8. Bd3 Ne4 9. Qc2 Nxg5 10. Nxg5 h6 11. Nf3 Bd6 12. 0-0 Nf6 13. Rae1 Qc7 14. e4 dxe4 15. Nxe4 Nxe4 16. Rxe4+ Be6 17. Bc4 0-0-0 18. Bxe6+ fxe6 19. Rxe6 Be7 20. Ne5 Rd6 21. Qb3 Rhd8 22. Nf7 Rxd4 23. Nxd8 Bxd8 24. Rd1 Qd7 25. Ree1 c5 26. Rxd4 cxd4 27. Qe6 Qxe6 28. Rxe6 Kd7 29. Re4 Bf6 30. Kf1 Kd6 31. Ke2 Kd5 32. Kd3 a5 33. a4 b6 34. b3 Be5 35. f4 Bf6 36. g4 g5 37. f5 Be5 38. h3 Bg7 39. Re6 Kc5 40. f6 Bf8 41. f7 1-0

[Event "Landesliga Sued 9899"]
[Site "Bayern"]
[Date "1999.05.09"]
[Round "8.3"]
[White "Wehr, Stephan"]
[Black "Seibold, Thomas"]
[Result "0-1"]
[WhiteElo "2135"]
[BlackElo "2100"]
[PlyCount "106"]
[EventDate "1998.11.10"]
[EventType "team-tourn"]
[EventRounds "9"]
[EventCountry "GER"]
[SourceTitle "EXT 2020"]
[Source "ChessBase"]
[SourceDate "2019.10.17"]
[SourceVersion "1"]
[SourceVersionDate "2019.10.17"]
[SourceQuality "1"]
[WhiteTeam "Starnberg SC"]
[BlackTeam "Muenchen FC Bayern II"]
[WhiteTeamCountry "GER"]
[BlackTeamCountry "GER"]

1. Nf3 Nf6 2. g3 g6 3. Bg2 Bg7 4. 0-0 c6 5. d3 d6 6. e4 0-0 7. Nh4 e5 8. Nd2 Na6 9. a4 Nc7 10. Nc4 Ne6 11. Qe1 Nd4 12. Ne3 Ng4 13. Qd1 Nxe3 14. Bxe3 Ne6 15. Qd2 Re8 16. Nf3 Qc7 17. d4 Bd7 18. dxe5 dxe5 19. Rfd1 Red8 20. Qd6 Qxd6 21. Rxd6 c5 22. Rad1 Bc6 23. Rxd8+ Rxd8 24. Rxd8+ Nxd8 25. Bxc5 Bxe4 26. Bxa7 Bxc2 27. a5 Nc6 28. Bb6 e4 29. Nd2 f5 30. Nc4 Bf8 31. Bf1 Bb4 32. Be2 Kf7 33. Kf1 Ke7 34. Ne3 Bd3 35. Bxd3 exd3 36. Nd5+ Kd6 37. Nxb4 Nxb4 38. Ke1 Kd5 39. f3 g5 40. Kd2 g4 41. fxg4 fxg4 42. Bd8 Ke4 43. Bf6 Nc2 44. Bc3 Ne3 45. b4 Nc4+ 46. Kd1 Kd5 47. Bf6 Nd6 48. Be7 Nb5 49. Kd2 Kc4 50. Bf6 Nd6 51. Be7 Ne4+ 52. Kd1 Nc3+ 53. Kd2 Nd5 0-1

[Event "Landesliga Sued 9899"]
[Site "Bayern"]
[Date "1999.01.17"]
[Round "4.3"]
[White "Fauth, Dietmar"]
[Black "Seibold, Thomas"]
[Result "1/2-1/2"]
[WhiteElo "2190"]
[BlackElo "2100"]
[PlyCount "103"]
[EventDate "1998.11.10"]
[EventType "team-tourn"]
[EventRounds "9"]
[EventCountry "GER"]
[SourceTitle "EXT 2020"]
[Source "ChessBase"]
[SourceDate "2019.10.17"]
[SourceVersion "1"]
[SourceVersionDate "2019.10.17"]
[SourceQuality "1"]
[WhiteTeam "Muenchen Siemens"]
[BlackTeam "Muenchen FC Bayern II"]
[WhiteTeamCountry "GER"]
[BlackTeamCountry "GER"]

1. e4 e6 2. d4 d5 3. Nc3 Bb4 4. e5 c5 5. a3 Bxc3+ 6. bxc3 Ne7 7. Qg4 0-0 8. Bd3 f5 9. exf6 Rxf6 10. Bg5 Nd7 11. Nf3 h6 12. Bxf6 Nxf6 13. Qg3 Qa5 14. 0-0 c4 15. Qd6 cxd3 16. Qxe7 dxc2 17. Ra2 Bd7 18. Rxc2 Re8 19. Qb4 Qa6 20. Rb1 Bc6 21. Ne5 Ne4 22. f3 Ba4 23. Rcc1 Nd6 24. c4 dxc4 25. Nxc4 Nxc4 26. Qxc4 Qxc4 27. Rxc4 Bc6 28. Re1 Kf7 29. Kf2 Ke7 30. f4 Rf8 31. Kg3 Kd6 32. Re5 Rf6 33. Rc2 a6 34. Rf2 g6 35. h4 h5 36. Kh3 Ba4 37. g4 Bd1 38. gxh5 gxh5 39. Kg3 Rf7 40. Rd2 Bg4 41. d5 exd5 42. Rdxd5+ Kc6 43. f5 b5 44. Kf4 Rb7 45. Rc5+ Kd6 46. Red5+ Ke7 47. Ke5 Be2 48. Rd6 a5 49. Rh6 Kf8 50. Rc8+ Kg7 51. Rch8 Re7+ 52. Kf4 1/2-1/2